000 00795nam a22001937a 4500
003 JO-AjAnu
005 20251018122347.0
008 251018b jo ||||| |||| 00| 0 ara d
022 _a1349/6/2020
040 _aANU
_cJO-AjAnu
041 _hARA
100 _aالكردي، محمد علي الصويريكي
_eمؤلف
_966862
245 _aالأكراد الأردنيون ودورهم في بناء الأردن الحديث مع لمحات عن اكراد (سوريا، لبنان وفلسطين)
_c / محمد علي الصويريكي الكردي
260 _aعمان :
_bوزارة الثقافة،
_c2021
300 _a176 صفحة
490 _aالقراءة للجميع 15 رقم الاصدار 812
650 _vالأكراد-الأردن-تاريخ
942 _2lcc
_cBK
_n0
999 _c34115
_d34115